000 00241nam a2200097Ia 4500
008 240331s9999 xx 000 0 und d
082 _bTHE
100 _aThenuka,
245 0 _aVannankal vaddivankal :
_bvalar kalai pira chinthanaikal
942 _cL
999 _c3684
_d3684